[Event "Barcelona Sant Marti op-B 24th"]
[Site "Barcelona"]
[Date "2024.07.21"]
[Round "9"]
[White "Font Sharapa, Ruslan"]
[Black "Delgado Fernandez, Luis"]
[Result "1/2-1/2"]
[WhiteElo "1600"]
[BlackElo "1707"]
[PlyCount "39"]
[EventDate "2024.07.13"]
[EventType "swiss"]
[EventRounds "9"]
[EventCountry "ESP"]
[SourceTitle "EXT 2025"]
[Source "ChessBase"]
[SourceDate "2024.10.14"]
[SourceVersion "1"]
[SourceVersionDate "2024.10.14"]
[SourceQuality "1"]

1. e4 c6 2. d4 d5 3. exd5 cxd5 4. Bd3 Nc6 5. c3 Nf6 6. Bf4 Bg4 7. Nf3 Nh5 8. Be3 e6 9. h3 Bxf3 10. Qxf3 Nf6 11. 0-0 Bd6 12. Bf4 Rc8 13. b4 0-0 14. Bxd6 Qxd6 15. Re1 Ne7 16. Nd2 Ng6 17. Rac1 Rc7 18. Rc2 Nh4 19. Qe3 Re7 20. Qe5 1/2-1/2

[Event "Barcelona Tres Peons 48th"]
[Site "Barcelona"]
[Date "2019.01.11"]
[Round "1.7"]
[White "Martin Valentin, Francesco"]
[Black "Delgado Fernandez, Luis"]
[Result "1-0"]
[WhiteElo "1780"]
[BlackElo "1504"]
[PlyCount "121"]
[EventDate "2019.01.11"]
[EventType "swiss"]
[EventRounds "8"]
[EventCountry "ESP"]
[SourceTitle "EXT 2024"]
[Source "ChessBase"]
[SourceDate "2023.10.10"]
[SourceVersion "1"]
[SourceVersionDate "2023.10.10"]
[SourceQuality "1"]

1. e4 e6 2. d4 d5 3. e5 c5 4. c3 Bd7 5. Nf3 Nc6 6. Be2 cxd4 7. cxd4 Qb6 8. 0-0 Nge7 9. Nc3 Nf5 10. Na4 Qd8 11. g4 Nh4 12. Be3 Nxf3+ 13. Bxf3 Be7 14. Rc1 b6 15. Nc3 0-0 16. Bg2 f6 17. Nxd5 Rc8 18. Nxe7+ Qxe7 19. f4 Nb4 20. a3 Nd5 21. Qd2 Bc6 22. h3 Nxe3 23. Qxe3 Bxg2 24. Kxg2 Qb7+ 25. Kg3 Qd5 26. exf6 Rxc1 27. Rxc1 Rxf6 28. Rc8+ Rf8 29. Rxf8+ Kxf8 30. Qd3 g6 31. g5 Qa5 32. Qc3 Qa6 33. Qe3 Qc4 34. Qd2 a5 35. Qc3 Qa6 36. b3 Qb7 37. b4 axb4 38. axb4 Qa6 39. Qd2 Qc4 40. h4 Kf7 41. Kf2 Qd5 42. Kg3 Qc4 43. Kh2 b5 44. Kg3 Qc6 45. Qd3 Qd5 46. Qc3 Qd7 47. Qc5 Kg8 48. Qe5 Qc8 49. Qc5 Qe8 50. Kf3 Qd7 51. Kg3 Kf7 52. Qe5 Kg8 53. Qb8+ Kg7 54. Qe5+ Kg8 55. Kg4 Qe8 56. d5 Kf7 57. Qf6+ Kg8 58. Qxe6+ Qxe6+ 59. dxe6 Kf8 60. f5 Ke7 61. Kf4 1-0

[Event "Barcelona Tres Peons 47th"]
[Site "Barcelona"]
[Date "2018.02.09"]
[Round "5.9"]
[White "Custodio Criado, Jofre"]
[Black "Delgado Fernandez, Luis"]
[Result "1-0"]
[WhiteElo "1751"]
[BlackElo "1845"]
[PlyCount "45"]
[EventDate "2018.01.12"]
[EventType "swiss"]
[EventRounds "8"]
[EventCountry "ESP"]
[SourceTitle "EXT 2024"]
[Source "ChessBase"]
[SourceDate "2023.10.10"]
[SourceVersion "1"]
[SourceVersionDate "2023.10.10"]
[SourceQuality "1"]

1. d4 Nf6 2. c4 c5 3. d5 b5 4. cxb5 a6 5. bxa6 Bxa6 6. Nc3 d6 7. e4 Bxf1 8. Kxf1 g6 9. g3 Bg7 10. Kg2 0-0 11. f4 Nbd7 12. Nf3 Qa5 13. Re1 Rfb8 14. Re2 Ng4 15. Qc2 Nb6 16. h3 Nf6 17. Qd3 c4 18. Qc2 Rb7 19. Be3 Na4 20. Qxa4 Qxa4 21. Nxa4 Rxa4 22. Bd4 Rb8 23. a3 1-0

[Event "Barcelona Tres Peons 47th"]
[Site "Barcelona"]
[Date "2018.02.02"]
[Round "4.12"]
[White "Delgado Fernandez, Luis"]
[Black "Quintanilla Paz Soldan, Mario"]
[Result "1-0"]
[WhiteElo "1845"]
[BlackElo "1462"]
[PlyCount "27"]
[EventDate "2018.01.12"]
[EventType "swiss"]
[EventRounds "8"]
[EventCountry "ESP"]
[SourceTitle "EXT 2024"]
[Source "ChessBase"]
[SourceDate "2023.10.10"]
[SourceVersion "1"]
[SourceVersionDate "2023.10.10"]
[SourceQuality "1"]

1. d4 Nf6 2. Nf3 d5 3. e3 Nc6 4. Bd3 Bg4 5. h3 Bxf3 6. Qxf3 e6 7. Bd2 a6 8. a3 g6 9. Nc3 Bg7 10. g4 Qe7 11. Na4 Nd7 12. Qg3 b5 13. Qxc7 Rc8 14. Qxc8+ 1-0

[Event "Barcelona Tres Peons 47th"]
[Site "Barcelona"]
[Date "2018.01.19"]
[Round "2.10"]
[White "Solsona Olive, Xavier"]
[Black "Delgado Fernandez, Luis"]
[Result "1-0"]
[WhiteElo "1814"]
[BlackElo "1845"]
[PlyCount "81"]
[EventDate "2018.01.12"]
[EventType "swiss"]
[EventRounds "8"]
[EventCountry "ESP"]
[SourceTitle "EXT 2024"]
[Source "ChessBase"]
[SourceDate "2023.10.10"]
[SourceVersion "1"]
[SourceVersionDate "2023.10.10"]
[SourceQuality "1"]

1. e4 e6 2. Nf3 d5 3. e5 c5 4. d4 Bd7 5. c3 Nc6 6. Be2 cxd4 7. cxd4 Qb6 8. 0-0 Nge7 9. Nc3 Nf5 10. Na4 Qd8 11. Bg5 Qa5 12. Bd2 Qd8 13. Bf4 Be7 14. Qd2 Nxe5 15. Nxe5 Bxa4 16. b3 Bd7 17. Rac1 0-0 18. Nxd7 Qxd7 19. Rc7 Qd8 20. Rxb7 Nd6 21. Bxd6 Bxd6 22. Rc1 Qf6 23. g3 a5 24. Rc6 Bb4 25. Qe3 Rfc8 26. Rcb6 g6 27. Rd7 Bc3 28. Rxd5 Rab8 29. Rbd6 Bb4 30. Ra6 Rc2 31. Bc4 Rc3 32. Qe2 Qe7 33. Re5 Rc1+ 34. Kg2 Bd6 35. Rexa5 Bb4 36. Ra7 Qd6 37. Qe5 Qd8 38. Bxe6 Be7 39. Bc4 Rxc4 40. bxc4 Bf6 41. Qxb8 1-0